[Event "Bosnjaci op 20th"]
[Site "Bosnjaci"]
[Date "2015.01.09"]
[Round "9"]
[White "Baricevic, Ivan"]
[Black "Kukolj, Drago"]
[Result "1-0"]
[WhiteElo "1523"]
[BlackElo "1745"]
[PlyCount "67"]
[EventDate "2015.01.03"]
[EventType "swiss"]
[EventRounds "9"]
[EventCountry "CRO"]
[SourceTitle "CBM 164 Extra"]
[Source "ChessBase"]
[SourceDate "2015.03.02"]
[SourceVersion "1"]
[SourceVersionDate "2015.03.02"]
[SourceQuality "1"]

1. e4 e5 2. h3 Nf6 3. d3 d5 4. exd5 Nxd5 5. a3 Be7 6. Be2 Nc6 7. Bd2 Nd4 8. Nf3 Bd6 9. Nc3 Nf6 10. 0-0 0-0 11. Bg5 h6 12. Bh4 c6 13. Ne4 Nxf3+ 14. Bxf3 Be7 15. Bg3 Nxe4 16. dxe4 Qc7 17. c3 Rd8 18. Qc2 Be6 19. Rfd1 f6 20. Qe2 Qb6 21. b4 a6 22. Bg4 Bb3 23. Rdb1 Ba4 24. Bf5 c5 25. bxc5 Qxc5 26. Rxb7 Ra7 27. Rxa7 Qxa7 28. Qc4+ Kh8 29. Qxa4 g6 30. Bg4 h5 31. Be2 g5 32. Bxh5 Qd7 33. Qxa6 Qd2 34. Rd1 1-0